[Event "Wiesbaden op 31st"]
[Site "Wiesbaden"]
[Date "2019.08.23"]
[Round "2"]
[White "Dietze, Frank Heinz"]
[Black "Rump, Andreas"]
[Result "1-0"]
[WhiteElo "2096"]
[BlackElo "1947"]
[PlyCount "143"]
[EventDate "2019.08.22"]
[EventType "swiss"]
[EventRounds "7"]
[EventCountry "GER"]
[SourceTitle "EXT 2020"]
[Source "ChessBase"]
[SourceDate "2019.10.17"]
[SourceVersion "1"]
[SourceVersionDate "2019.10.17"]
[SourceQuality "1"]

1. d4 Nf6 2. c4 e6 3. Nf3 b6 4. g3 Bb7 5. Bg2 Bb4+ 6. Bd2 Be7 7. 0-0 0-0 8. Bg5 d5 9. cxd5 exd5 10. Nbd2 Ne4 11. Nxe4 dxe4 12. Bxe7 Qxe7 13. Nd2 Nd7 14. Qc2 Nf6 15. Rac1 Rac8 16. Nb3 Bd5 17. Bh3 Nd7 18. e3 f5 19. Rfd1 h5 20. Bf1 c6 21. Qe2 Qf7 22. h4 Rc7 23. Rc3 Qg6 24. Qd2 Qh6 25. Nc1 g5 26. hxg5 Qxg5 27. Ne2 h4 28. Nf4 Nf6 29. Bh3 Rg7 30. Kh1 hxg3 31. Rg1 Nh5 32. fxg3 Nxf4 33. exf4 Qh5 34. Kh2 Rf6 35. g4 fxg4 36. Rcg3 Be6 37. Qe3 Bf5 38. R1g2 Rfg6 39. Qb3+ Be6 40. Qd1 Qh6 41. d5 cxd5 42. f5 Bxf5 43. Qxd5+ Rf7 44. Rf2 Be6 45. Qa8+ Qf8 46. Qxf8+ Kxf8 47. Rxf7+ Kxf7 48. Bg2 Rh6+ 49. Kg1 Bf5 50. Rc3 Re6 51. Kf2 Kf6 52. Ke3 Kg5 53. Rc8 Rd6 54. Rg8+ Bg6 55. Bf1 Rf6 56. Be2 Kh4 57. b4 Kg3 58. a4 Kg2 59. Bxg4 Kh2 60. b5 Bf7 61. Rg7 Be6 62. Bxe6 Rxe6 63. Rxa7 Kg3 64. Rg7+ Kh2 65. Rg4 Kh3 66. Rxe4 Rd6 67. Rd4 Rg6 68. Kf4 Rg2 69. Ke5 Rc2 70. Kd6 Kg3 71. Kd7 Kf3 72. a5 1-0

[Event "Wiesbaden op 31st"]
[Site "Wiesbaden"]
[Date "2019.08.23"]
[Round "3"]
[White "Rump, Andreas"]
[Black "Mengel, Alexander"]
[Result "1-0"]
[WhiteElo "1947"]
[BlackElo "1439"]
[PlyCount "59"]
[EventDate "2019.08.22"]
[EventType "swiss"]
[EventRounds "7"]
[EventCountry "GER"]
[SourceTitle "EXT 2020"]
[Source "ChessBase"]
[SourceDate "2019.10.17"]
[SourceVersion "1"]
[SourceVersionDate "2019.10.17"]
[SourceQuality "1"]

1. d4 Nf6 2. c4 e6 3. Nf3 b6 4. Nc3 Bb7 5. Bg5 Be7 6. e3 Ne4 7. Bxe7 Qxe7 8. Nxe4 Bxe4 9. Be2 0-0 10. 0-0 d6 11. Rc1 Nd7 12. b4 a5 13. b5 h6 14. Nd2 Bb7 15. Bf3 Bxf3 16. Qxf3 f5 17. Qc6 Nf6 18. c5 bxc5 19. dxc5 dxc5 20. Rxc5 Nd5 21. a3 Rab8 22. Nc4 Rfd8 23. Re1 Qf6 24. h3 Kh7 25. Rc1 Qe7 26. Kh2 g5 27. Re1 Qf6 28. e4 fxe4 29. Rxe4 Re8 30. Rxd5 1-0

[Event "Rhein Main op-A 22nd"]
[Site "Bad Homburg"]
[Date "2019.06.22"]
[Round "6"]
[White "Rabiya, Karim"]
[Black "Rump, Andreas"]
[Result "1-0"]
[WhiteElo "1826"]
[BlackElo "1953"]
[PlyCount "51"]
[EventDate "2019.06.19"]
[EventType "swiss"]
[EventRounds "9"]
[EventCountry "GER"]
[SourceTitle "EXT 2020"]
[Source "ChessBase"]
[SourceDate "2019.10.17"]
[SourceVersion "1"]
[SourceVersionDate "2019.10.17"]
[SourceQuality "1"]

1. e4 e6 2. d4 d5 3. Nc3 Bb4 4. exd5 exd5 5. Bd3 Nf6 6. Nge2 0-0 7. 0-0 Bg4 8. f3 Bh5 9. Bg5 c6 10. Nf4 Bg6 11. Nxg6 fxg6 12. Ne2 Bd6 13. Qd2 Nbd7 14. Rae1 Re8 15. Nf4 Nf8 16. c4 Qd7 17. Bxf6 gxf6 18. cxd5 cxd5 19. Rxe8 Rxe8 20. Rc1 Kg7 21. Nxd5 Bxh2+ 22. Kxh2 Qxd5 23. Rc7+ Kh8 24. Qf4 f5 25. Bc4 Ne6 26. Rxh7+ 1-0

[Event "Wiesbaden op 30th"]
[Site "Wiesbaden"]
[Date "2018.08.26"]
[Round "6"]
[White "Kumar, Amod"]
[Black "Rump, Andreas"]
[Result "0-1"]
[WhiteElo "1745"]
[BlackElo "1936"]
[PlyCount "100"]
[EventDate "2018.08.23"]
[EventType "swiss"]
[EventRounds "7"]
[EventCountry "GER"]
[SourceTitle "CBM 186 Extra"]
[Source "ChessBase"]
[SourceDate "2018.08.24"]
[SourceVersion "1"]
[SourceVersionDate "2018.08.24"]
[SourceQuality "1"]

1. e4 g6 2. d4 Bg7 3. Nf3 d6 4. h3 Nf6 5. Nc3 0-0 6. Bc4 c6 7. a4 Nbd7 8. a5 Qc7 9. 0-0 e5 10. d5 a6 11. Be3 c5 12. Nd2 Nh5 13. g4 Nf4 14. Bxf4 exf4 15. Nf3 Ne5 16. Nxe5 Bxe5 17. f3 b5 18. axb6 Qxb6 19. Na4 Qb4 20. Qd3 Bd7 21. c3 Qb7 22. Rfb1 Bb5 23. b4 Bxc4 24. Qxc4 cxb4 25. Rxb4 Qe7 26. Qf1 Rac8 27. Rc1 a5 28. Rb2 Rc7 29. Rbc2 Rfc8 30. Nb6 Rb8 31. Nc4 a4 32. Nxe5 Qxe5 33. Qa6 Rb3 34. Qxa4 Rbxc3 35. Rxc3 Rxc3 36. Rxc3 Qxc3 37. Qe8+ Kg7 38. Qe7 Qe1+ 39. Kg2 Qg3+ 40. Kf1 Qxf3+ 41. Ke1 Qg3+ 42. Kd1 f3 43. g5 Qf4 44. Ke1 h6 45. gxh6+ Qxh6 46. Kf2 Qxh3 47. Qxd6 Qg2+ 48. Ke3 f2 49. Qe5+ Kh7 50. Qf4 f1Q 0-1

[Event "Wiesbaden op 30th"]
[Site "Wiesbaden"]
[Date "2018.08.26"]
[Round "7"]
[White "Rump, Andreas"]
[Black "Marzahn, Heiko"]
[Result "1-0"]
[WhiteElo "1936"]
[BlackElo "2068"]
[PlyCount "93"]
[EventDate "2018.08.23"]
[EventType "swiss"]
[EventRounds "7"]
[EventCountry "GER"]
[SourceTitle "CBM 186 Extra"]
[Source "ChessBase"]
[SourceDate "2018.08.24"]
[SourceVersion "1"]
[SourceVersionDate "2018.08.24"]
[SourceQuality "1"]

1. d4 f5 2. g3 Nf6 3. Bg2 e6 4. Nf3 d5 5. c4 c6 6. Nbd2 Bd6 7. b3 0-0 8. Bb2 b6 9. e3 Bb7 10. Qc2 Ne4 11. 0-0 Nd7 12. Ne5 Nxe5 13. dxe5 Nxd2 14. Qxd2 Be7 15. Qc3 Rc8 16. Rfd1 Qc7 17. b4 Rfd8 18. Rac1 c5 19. b5 dxc4 20. Qxc4 Kf7 21. e4 g6 22. exf5 gxf5 23. Qf4 Bxg2 24. Kxg2 Kg6 25. Qc4 Kf7 26. Qf4 Rg8 27. Qh6 Rg7 28. Rd6 Rg6 29. Qxh7+ Rg7 30. Qh5+ Kg8 31. Rxe6 Qb7+ 32. Kg1 Bg5 33. Re8+ Rxe8 34. Qxe8+ Kh7 35. Qh5+ Kg8 36. Rd1 Qe7 37. e6 Bf6 38. Bxf6 Qxf6 39. Qe8+ Kh7 40. Rd8 Kh6 41. Rd7 Qe5 42. Qh8+ Kg6 43. h4 Qe1+ 44. Kg2 Qe4+ 45. Kh2 Rxd7 46. h5+ Kg5 47. exd7 1-0

[Event "Wiesbaden op 28th"]
[Site "Wiesbaden"]
[Date "2016.08.26"]
[Round "2"]
[White "Fernandez Garcia, Alfonso Javier"]
[Black "Rump, Andreas"]
[Result "0-1"]
[WhiteElo "1535"]
[BlackElo "1928"]
[PlyCount "86"]
[EventDate "2016.08.25"]
[EventType "swiss"]
[EventRounds "7"]
[EventCountry "GER"]
[SourceTitle "CBM 174 Extra"]
[Source "ChessBase"]
[SourceDate "2016.10.10"]
[SourceVersion "1"]
[SourceVersionDate "2016.10.10"]
[SourceQuality "1"]

1. e4 g6 2. Nf3 Bg7 3. d4 d6 4. c4 Nf6 5. Nc3 0-0 6. Be2 Na6 7. 0-0 c5 8. d5 Nc7 9. Re1 Ng4 10. h3 Ne5 11. Nxe5 Bxe5 12. Qc2 Bd4 13. Bh6 Bg7 14. Bg5 h6 15. Bd2 e5 16. Bf1 Qh4 17. Ne2 f5 18. exf5 Bxf5 19. Qb3 b6 20. Ng3 Rf7 21. Nxf5 gxf5 22. Qf3 Raf8 23. Qe2 Ne8 24. g3 Qd8 25. Rab1 Kh7 26. b4 Nf6 27. Bg2 Nd7 28. a3 Kh8 29. Qh5 Kh7 30. Rb3 e4 31. Bf4 Ne5 32. Qe2 Nd3 33. Rxd3 exd3 34. Qxd3 Re7 35. Re6 Rxe6 36. dxe6 Bd4 37. Bd5 Be5 38. Bd2 Kg7 39. Qe2 Qf6 40. Qh5 f4 41. Qg4+ Kh8 42. Bxf4 Bxf4 43. Qxf4 Qa1+ 0-1

[Event "Rhein Main op-B 19th"]
[Site "Bad Homburg"]
[Date "2016.05.27"]
[Round "4"]
[White "Laux, Dominik"]
[Black "Rump, Andreas"]
[Result "1/2-1/2"]
[WhiteElo "1529"]
[BlackElo "1931"]
[PlyCount "98"]
[EventDate "2016.05.25"]
[EventType "swiss"]
[EventRounds "7"]
[EventCountry "GER"]
[SourceTitle "EXT 2017"]
[Source "ChessBase"]
[SourceDate "2016.10.25"]
[SourceVersion "1"]
[SourceVersionDate "2016.10.25"]
[SourceQuality "1"]

1. d4 Nf6 2. Nc3 g6 3. Bf4 d6 4. Qd2 h6 5. h4 c6 6. 0-0-0 b5 7. f3 b4 8. Na4 Nd5 9. Bg3 Qa5 10. b3 Nc3 11. Be1 Nxd1 12. Kxd1 Bg7 13. e3 Ba6 14. Ne2 0-0 15. g4 Nd7 16. Qxb4 Qxb4 17. Bxb4 Bb5 18. Nec3 Bxf1 19. Rxf1 f5 20. g5 hxg5 21. hxg5 f4 22. Ke2 Rf5 23. Ne4 Nb6 24. Nac3 Nd5 25. Nxd5 cxd5 26. Nc3 Rxg5 27. exf4 Rg2+ 28. Kd3 a5 29. Ba3 Kf7 30. Nxd5 Rh8 31. Ne3 Rgh2 32. Nc4 Rh1 33. Rxh1 Rxh1 34. Bb2 Ke6 35. d5+ Kf7 36. Bxg7 Kxg7 37. Nxa5 Rh3 38. Ke3 Rh2 39. Kd3 Rf2 40. a4 Rxf3+ 41. Ke4 Rc3 42. Nc4 Rxc2 43. Kd3 Rf2 44. Ke3 Rf1 45. b4 Rb1 46. b5 Rb4 47. Nb6 Kf7 48. Kd3 Rxf4 49. a5 Rb4 1/2-1/2

[Event "Wiesbaden op 26th"]
[Site "Wiesbaden"]
[Date "2014.08.31"]
[Round "7"]
[White "Krischak, Werner"]
[Black "Rump, Andreas"]
[Result "0-1"]
[WhiteElo "1764"]
[BlackElo "1939"]
[PlyCount "96"]
[EventDate "2014.08.28"]
[EventType "swiss"]
[EventRounds "7"]
[EventCountry "GER"]
[SourceTitle "CBM 162 Extra"]
[Source "ChessBase"]
[SourceDate "2014.10.17"]
[SourceVersion "1"]
[SourceVersionDate "2014.10.17"]
[SourceQuality "1"]

1. d4 Nf6 2. Nf3 b6 3. Bf4 Bb7 4. e3 e6 5. Nbd2 Be7 6. h3 0-0 7. Bd3 d5 8. c3 Ne4 9. 0-0 Nd7 10. Qc2 f5 11. Ne5 Nd6 12. Ndf3 Ne4 13. Nxd7 Qxd7 14. Ne5 Qe8 15. f3 Nd6 16. Rae1 Qh5 17. Re2 Nf7 18. g4 Qh4 19. gxf5 Ng5 20. Bxg5 Qxg5+ 21. Kh2 exf5 22. f4 Qh5 23. Rg2 Rad8 24. Rfg1 g6 25. Be2 Qh4 26. Nf3 Qh6 27. Bd3 Kh8 28. Qf2 Rd6 29. Ng5 Qg7 30. h4 Bc8 31. Qg3 Re8 32. Qh3 Bd8 33. h5 h6 34. hxg6 Kg8 35. Nh7 c5 36. Bxf5 Bxf5 37. Qxf5 Rxe3 38. Qf7+ Kh8 39. Qf8+ Qxf8 40. g7+ Qxg7 41. Rxg7 Re7 42. Nf6 Rxg7 43. Rxg7 Bxf6 44. dxc5 bxc5 45. Rxa7 d4 46. cxd4 cxd4 47. Rc7 d3 48. Rc1 Bxb2 0-1

[Event "Wiesbaden op 25th"]
[Site "Wiesbaden"]
[Date "2013.08.25"]
[Round "6"]
[White "Rump, Andreas"]
[Black "Traut, Stefan"]
[Result "1-0"]
[WhiteElo "1939"]
[BlackElo "2003"]
[PlyCount "73"]
[EventDate "2013.08.22"]
[EventType "swiss"]
[EventRounds "7"]
[EventCountry "GER"]
[SourceTitle "CBM 156 Extra"]
[Source "ChessBase"]
[SourceDate "2013.10.22"]
[SourceVersion "1"]
[SourceVersionDate "2013.10.22"]
[SourceQuality "1"]

1. e4 c5 2. Nf3 d6 3. d4 cxd4 4. Nxd4 Nf6 5. Nc3 g6 6. Be2 Bg7 7. Be3 a6 8. h3 Bd7 9. Qd2 h6 10. 0-0 Nc6 11. Rad1 h5 12. f4 0-0 13. Nf3 b5 14. a3 Qc7 15. e5 Ne8 16. Nd5 Qb7 17. exd6 exd6 18. Nb6 Rd8 19. Nxd7 Rxd7 20. c3 Nf6 21. Ng5 Re8 22. Bf3 Qc7 23. Bf2 Bh6 24. Rfe1 Rxe1+ 25. Rxe1 Na5 26. Qc2 Re7 27. Rd1 Rd7 28. Bd4 Bg7 29. f5 gxf5 30. Qxf5 Qd8 31. Bd5 Qe7 32. Bxf7+ Kf8 33. Be6 Rb7 34. Nh7+ Ke8 35. Bxf6 Bxf6 36. Nxf6+ Kd8 37. Nd5 1-0

[Event "Wiesbaden op 25th"]
[Site "Wiesbaden"]
[Date "2013.08.24"]
[Round "5"]
[White "Berberich, Christoph"]
[Black "Rump, Andreas"]
[Result "1-0"]
[WhiteElo "2078"]
[BlackElo "1954"]
[PlyCount "89"]
[EventDate "2013.08.22"]
[EventType "swiss"]
[EventRounds "7"]
[EventCountry "GER"]
[SourceTitle "EXT 2014"]
[Source "ChessBase"]
[SourceDate "2013.11.20"]
[SourceVersion "1"]
[SourceVersionDate "2013.11.20"]
[SourceQuality "1"]

1. d4 Nf6 2. Nf3 g6 3. c4 Bg7 4. Nc3 d6 5. e4 0-0 6. Be2 c6 7. 0-0 Nbd7 8. Qc2 e5 9. Rd1 Qe7 10. Rb1 a6 11. b4 c5 12. dxc5 dxc5 13. Ba3 b6 14. Nd5 Nxd5 15. cxd5 Qd6 16. Rdc1 Bh6 17. bxc5 bxc5 18. Bxc5 Nxc5 19. Qxc5 Qxc5 20. Rxc5 Bg4 21. Rc7 Rab8 22. Rxb8 Rxb8 23. h3 Bxf3 24. gxf3 a5 25. d6 Rd8 26. d7 Bf8 27. a4 Be7 28. Ba6 Kf8 29. Bc8 Bb4 30. Kf1 Ke7 31. Rc6 Rf8 32. Ke2 Bd6 33. Kd3 Bb4 34. Kc4 Be1 35. Rc5 f6 36. Kd5 Bb4 37. Rc6 Bd2 38. Re6+ Kd8 39. Kc6 Bc3 40. Ba6 Bb4 41. Bb5 Be7 42. Kd5 f5 43. Kxe5 fxe4 44. fxe4 Rxf2 45. Rc6 1-0

[Event "Wiesbaden op 25th"]
[Site "Wiesbaden"]
[Date "2013.08.23"]
[Round "2"]
[White "Rump, Andreas"]
[Black "Koch, Markus"]
[Result "0-1"]
[WhiteElo "1954"]
[BlackElo "2140"]
[PlyCount "96"]
[EventDate "2013.08.22"]
[EventType "swiss"]
[EventRounds "7"]
[EventCountry "GER"]
[SourceTitle "EXT 2014"]
[Source "ChessBase"]
[SourceDate "2013.11.20"]
[SourceVersion "1"]
[SourceVersionDate "2013.11.20"]
[SourceQuality "1"]

1. e4 c5 2. Nf3 d6 3. Bb5+ Bd7 4. Bxd7+ Qxd7 5. c4 Nf6 6. Nc3 g6 7. d3 Bg7 8. 0-0 0-0 9. h3 Nc6 10. Ne1 a6 11. a4 e6 12. f4 d5 13. e5 Ne8 14. cxd5 exd5 15. Nf3 f6 16. Qb3 Nc7 17. Ne4 c4 18. Nc5 Qe7 19. Qb6 fxe5 20. dxc4 e4 21. Re1 Nd4 22. Nxd4 Bxd4+ 23. Be3 Rf6 24. Qb4 Bxe3+ 25. Rxe3 Qd6 26. cxd5 b6 27. Rc1 bxc5 28. Rxc5 Qxf4 29. Rxe4 Qf1+ 30. Kh2 Rf7 31. Qb7 Re8 32. d6 Ne6 33. d7 Rd8 34. Rc8 Kg7 35. Rxe6 Qf4+ 36. Kh1 Rdxd7 37. Qe4 Rd1+ 38. Qe1 Qxa4 39. Rc1 Rxe1+ 40. Rcxe1 Qb5 41. R6e2 Rf1+ 42. Rxf1 Qxe2 43. Ra1 a5 44. b3 Kf6 45. Rb1 g5 46. Kg1 h5 47. Rf1+ Ke5 48. Rf3 Ke4 0-1

[Event "Wiesbaden op 25th"]
[Site "Wiesbaden"]
[Date "2013.08.22"]
[Round "1"]
[White "Gerlach, Manuel"]
[Black "Rump, Andreas"]
[Result "0-1"]
[WhiteElo "1260"]
[BlackElo "1954"]
[PlyCount "82"]
[EventDate "2013.08.22"]
[EventType "swiss"]
[EventRounds "7"]
[EventCountry "GER"]
[SourceTitle "EXT 2014"]
[Source "ChessBase"]
[SourceDate "2013.11.20"]
[SourceVersion "1"]
[SourceVersionDate "2013.11.20"]
[SourceQuality "1"]

1. d4 Nf6 2. c4 g6 3. Nc3 Bg7 4. Nf3 0-0 5. Bf4 d6 6. e3 Nbd7 7. Bd3 h6 8. 0-0 Nh5 9. Bg3 Nxg3 10. fxg3 c6 11. Qe2 e6 12. Rae1 d5 13. cxd5 exd5 14. Nh4 Nf6 15. e4 dxe4 16. Nxe4 Qxd4+ 17. Kh1 Nxe4 18. Bxe4 Qxb2 19. Qd3 Be6 20. Rb1 Qxa2 21. Rfd1 c5 22. Bxb7 c4 23. Qd6 Rad8 24. Qxd8 Rxd8 25. Rxd8+ Kh7 26. Rbd1 c3 27. Be4 Qb2 28. Nxg6 fxg6 29. R8d6 c2 30. Rg1 c1Q 31. Rxe6 Qxg1+ 32. Kxg1 Qa1+ 33. Kf2 Qa2+ 34. Kf3 Qxe6 35. g4 Be5 36. g3 Qb3+ 37. Kg2 Qe3 38. Bf3 Bd4 39. Kh3 Qxf3 40. Kh4 g5+ 41. Kh5 Qf7# 0-1

[Event "Rhein Main op-B 16th"]
[Site "Bad Homburg"]
[Date "2013.06.01"]
[Round "6"]
[White "Rump, Andreas"]
[Black "Lessmann, Sven"]
[Result "1-0"]
[WhiteElo "1967"]
[BlackElo "1630"]
[PlyCount "69"]
[EventDate "2013.05.29"]
[EventType "swiss"]
[EventRounds "7"]
[EventCountry "GER"]
[SourceTitle "EXT 2014"]
[Source "ChessBase"]
[SourceDate "2013.11.20"]
[SourceVersion "1"]
[SourceVersionDate "2013.11.20"]
[SourceQuality "1"]

1. e4 d6 2. d4 Nf6 3. Nc3 g6 4. f4 Bg7 5. Nf3 0-0 6. Be2 c6 7. 0-0 Nbd7 8. Kh1 e5 9. dxe5 dxe5 10. f5 gxf5 11. exf5 e4 12. Ng5 Re8 13. Bh5 Re7 14. Qe2 Nxh5 15. Qxh5 Nf6 16. Qe2 Qe8 17. Be3 h6 18. h4 Re5 19. g4 hxg5 20. hxg5 Nxg4 21. Qxg4 Bd7 22. Rf4 Qc8 23. Raf1 c5 24. R1f2 Kf8 25. Ne2 Rd5 26. Ng3 Be5 27. Qh5 Bxf4 28. f6 Rxg5 29. Qh6+ Kg8 30. Rh2 Bh3 31. Bxf4 Qg4 32. Qxg5+ Qxg5 33. Bxg5 Be6 34. Bh6 Bd5 35. Bg7 1-0

[Event "Rhein Main op-B 16th"]
[Site "Bad Homburg"]
[Date "2013.06.01"]
[Round "5"]
[White "Thomas, Tobias"]
[Black "Rump, Andreas"]
[Result "0-1"]
[WhiteElo "1738"]
[BlackElo "1967"]
[PlyCount "48"]
[EventDate "2013.05.29"]
[EventType "swiss"]
[EventRounds "7"]
[EventCountry "GER"]
[SourceTitle "EXT 2014"]
[Source "ChessBase"]
[SourceDate "2013.11.20"]
[SourceVersion "1"]
[SourceVersionDate "2013.11.20"]
[SourceQuality "1"]

1. e4 d6 2. d4 Nf6 3. Nc3 g6 4. Be3 Bg7 5. f3 0-0 6. Qd2 c6 7. 0-0-0 b5 8. g4 Qa5 9. Kb1 Ba6 10. h4 b4 11. Nce2 c5 12. Nf4 Bxf1 13. Rxf1 Nc6 14. d5 Nd4 15. Bxd4 cxd4 16. Qh2 Nd7 17. g5 h5 18. gxh6 Be5 19. Nge2 Rfc8 20. Qg2 Rxc2 21. Kxc2 Qxa2 22. Rc1 Nc5 23. Rhd1 b3+ 24. Kd2 Qa5+ 0-1

[Event "Rhein Main op-B 16th"]
[Site "Bad Homburg"]
[Date "2013.05.30"]
[Round "3"]
[White "Gnad, Gunnar"]
[Black "Rump, Andreas"]
[Result "1/2-1/2"]
[WhiteElo "1725"]
[BlackElo "1967"]
[PlyCount "45"]
[EventDate "2013.05.29"]
[EventType "swiss"]
[EventRounds "7"]
[EventCountry "GER"]
[SourceTitle "EXT 2014"]
[Source "ChessBase"]
[SourceDate "2013.11.20"]
[SourceVersion "1"]
[SourceVersionDate "2013.11.20"]
[SourceQuality "1"]

1. c4 e5 2. Nc3 Nf6 3. Nf3 Nc6 4. e3 Be7 5. Be2 0-0 6. 0-0 d5 7. cxd5 Nxd5 8. a3 Bf5 9. Qb3 Nxc3 10. dxc3 Qc8 11. Nd2 a6 12. e4 Bd7 13. Qc2 b5 14. b4 Nd8 15. c4 c5 16. Qb2 cxb4 17. axb4 Ne6 18. Re1 Qc7 19. cxb5 axb5 20. Rxa8 Rxa8 21. Nf3 f6 22. Bd2 Kh8 23. Rc1 1/2-1/2

[Event "Wiesbaden op 24th"]
[Site "Wiesbaden"]
[Date "2012.08.26"]
[Round "6"]
[White "Rump, Andreas"]
[Black "Feicht, Arno"]
[Result "0-1"]
[WhiteElo "1984"]
[BlackElo "2064"]
[PlyCount "84"]
[EventDate "2012.08.23"]
[EventType "swiss"]
[EventRounds "7"]
[EventCountry "GER"]
[SourceTitle "CBM 150 Extra"]
[Source "ChessBase"]
[SourceDate "2012.10.19"]
[SourceVersion "1"]
[SourceVersionDate "2012.10.19"]
[SourceQuality "1"]

1. e4 e6 2. d4 d5 3. e5 c5 4. c3 Nc6 5. a3 f6 6. exf6 Nxf6 7. Nf3 cxd4 8. Nxd4 Bd6 9. Be2 0-0 10. 0-0 Bd7 11. Be3 Qc7 12. h3 a6 13. Nd2 Ne7 14. Rc1 b5 15. N2f3 Ng6 16. Ng5 Rae8 17. Bh5 e5 18. Bxg6 hxg6 19. Ndf3 Bc6 20. Nh4 Nh7 21. Nxg6 Rf6 22. Qh5 Nxg5 23. Bxg5 Rf5 24. Nh4 Rf7 25. Be3 Qd7 26. Nf3 Rf6 27. Ng5 Rh6 28. Qd1 Rf8 29. Qb3 Be7 30. Rcd1 Kh8 31. Qc2 Rf5 32. Ne4 Rh7 33. Ng3 Rf8 34. Bc1 d4 35. cxd4 Bxg2 36. Qxh7+ Kxh7 37. Kxg2 exd4 38. Rd3 b4 39. axb4 Bxb4 40. Rfd1 Qc6+ 41. Kg1 Qc2 42. f4 Re8 0-1

[Event "Rhein Main op-B 15th"]
[Site "Bad Homburg"]
[Date "2012.06.10"]
[Round "7"]
[White "Heiler, Karl"]
[Black "Rump, Andreas"]
[Result "0-1"]
[WhiteElo "1818"]
[BlackElo "1964"]
[PlyCount "48"]
[EventDate "2012.06.06"]
[EventType "swiss"]
[EventRounds "7"]
[EventCountry "GER"]
[SourceTitle "EXT 2013"]
[Source "ChessBase"]
[SourceDate "2012.11.22"]
[SourceVersion "1"]
[SourceVersionDate "2012.11.22"]
[SourceQuality "1"]

1. e4 e5 2. Nf3 d6 3. d4 exd4 4. Nxd4 Nf6 5. Nc3 g6 6. Bg5 Bg7 7. Bc4 h6 8. Be3 Ng4 9. Qf3 0-0 10. 0-0-0 Ne5 11. Qe2 Nxc4 12. Qxc4 c6 13. a3 Qe7 14. h4 Nd7 15. f4 Nc5 16. f5 Nxe4 17. Nxc6 bxc6 18. Qxe4 Qxe4 19. Nxe4 Re8 20. Rxd6 Rxe4 21. Rd8+ Kh7 22. fxg6+ Kxg6 23. Bxa7 Bf6 24. h5+ Kg7 0-1

[Event "Rhein Main op-B 14th"]
[Site "Bad Homburg"]
[Date "2011.06.24"]
[Round "4"]
[White "Schmitz, Tim"]
[Black "Rump, Andreas"]
[Result "1-0"]
[WhiteElo "1934"]
[BlackElo "1950"]
[PlyCount "49"]
[EventDate "2011.06.22"]
[EventType "swiss"]
[EventRounds "7"]
[EventCountry "GER"]
[SourceTitle "EXT 2012"]
[Source "ChessBase"]
[SourceDate "2011.11.24"]
[SourceVersion "1"]
[SourceVersionDate "2011.11.24"]
[SourceQuality "1"]

1. e4 d6 2. d4 Nf6 3. Nc3 g6 4. Be3 Bg7 5. Qd2 0-0 6. 0-0-0 Nc6 7. f3 e5 8. Nge2 exd4 9. Nxd4 Nxd4 10. Bxd4 Be6 11. g4 a6 12. g5 Nh5 13. Bxg7 Nxg7 14. h4 Qe7 15. Bh3 Rad8 16. h5 Nxh5 17. Bg4 Ng7 18. Rdg1 c6 19. Qh2 f5 20. gxf6 Qxf6 21. Qxh7+ Kf7 22. Bxe6+ Qxe6 23. Rg4 Rh8 24. Rf4+ Qf5 25. Rxf5+ 1-0